000 nam a22 7a 4500
999 _c16061
_d16061
008 161108b xxu||||| |||| 00| 0 eng d
020 _a9780321699121
050 _aQA 276.12 .D4 2012
100 _aDe Veaux, Richard D.
245 _aIntro Stats/
_cRichard D.Veaux, Paul F. Velleman and David E. Bock
250 _a3rd ed.
260 _aBoston :
_bAddison-Wesley,
_c2012.
300 _axxvi, 767p.
500 _aIncludes bibliographical references and indexes.
650 _2Statistics.
942 _2lcc
_cBOOKS
_hQA 276.12 .D4 2012